| 000 | 01987nam0a2200349 4500 | ||
|---|---|---|---|
| 001 | RU\NLR\BIBL_A\016231484 | ||
| 005 | 20260406074051.0 | ||
| 010 |
_a978-5-17-152338-1 _92000 |
||
| 021 |
_aRU _b2023-53352 _9КН-П-5360 |
||
| 021 |
_aRU _b2022-80711 _9КН-П-7077 |
||
| 035 | _a(RuMoRGB)011375413 | ||
| 035 | _a(NLR Aleph) 016231484 | ||
| 090 |
_a12768620 _c12768620 |
||
| 100 | _a20221207d2023 |||y0rusy50 ca | ||
| 101 | 0 | _aeng | |
| 102 | _aRU | ||
| 105 | _ay z 000ay | ||
| 181 | 0 |
_ai _baxxe |
|
| 182 | 0 | _an | |
| 200 | 1 |
_aPride and prejudice _fJane Austen |
|
| 203 |
_aТекст _bвизуальный _cнепосредственный |
||
| 210 |
_aМосква _cАСТ _d2023 |
||
| 215 |
_a379, [1] с. _d19 |
||
| 225 | 1 | _aExclusive classics hardcover | |
| 330 | _aГордость не позволяет вам читать английские книги в адаптации? Предубеждены против сокращений? Тогда ознакомьтесь с шедевром Джейн Остен в оригинале! "Гордость и предубеждение" - роман нравов, рассказывающий о неравной любви аристократа и девушки из семьи небогатого дворянина, которому отчаянно необходимо пристроить куда-нибудь пять своих дочерей. Эта история любви вот уже два столетия находит себе преданных поклонников. Впрочем, не последнюю роль в этом играет мягкий юмор Д. Остен, её неповторимая авторская черта | ||
| 333 | _a12+ | ||
| 686 | 1 | _aШ6(4Вл)52-440.4{Лх1296.1-45} | |
| 700 | 1 |
_8eng _7ba _aAusten _bJ. _f1775-1817 _gJane _3RU\NLR\AUTH\770143336 _9143300 |
|
| 942 | _cBOOK | ||
| 980 | _aNB | ||